000 00823cab a22001815a 4500
001 L144953
008 080826e20080822xxkado f s 000 0 eng d
035 _a(Sirsi) u144953
041 0 _aeng
100 1 _aShah, Aditi
245 0 0 _aSpecial report
_bdevelopment and project management
260 _c2008
490 _aProperty Week
_v73(34) 22 August 2008, 67-73(5)
520 _aSpecial report draws together articles on project management across sections covering construction; contractors and education. Provides detailed statistical overview on rising costs for contractors; interviews with the heads of affected companies and discussion on attempts by the Chartered Surveyors Training Trust to find alternative sources of funding.
651 4 _aUnited Kingdom
_y
690 _aProject management
_96261
942 _n0
999 _c80664
_d80664